000 00590nam a2200193Ia 4500
003 GCL
008 140319s9999 xx 000 0 ara d
040 _aGCL /
_cGCL
082 0 4 _a813.03
_bا م
100 1 _aامين ريان
245 1 0 _aالمعركة /
_cامين ريان
260 _a[S.N] :
_bدار الفكر العربى
300 _a162 ص
490 _aالهيئة العامة للاستعلامات
_v0
650 0 4 _aالادب العربى
650 0 4 _aالقصص العربية
650 0 4 _aبرامج الحاسبات الالكترونية
942 _2ddc
_cBK
999 _c41879
_d41879